000 01501nam a2200457 i 4500
001 36563
003 KOSZ 005
005 20200724135022.0
008 980210s1997 pl a f |000 0 pol
015 _aUWD 1998/942
020 _a8385038329
035 _a991003410959705066
035 _a(PL-WaBN)b10914158-48omnis_nlop
035 _ab10914158
035 _a(OCoLC)749537753
035 _a(PL)b0000001091415
035 _a(EXLNZ-48OMNIS_NETWORK)9910297335605606
040 _aWA N
_cWA N
_dKOSZ 005/HR
080 _a637.3
100 1 _aDerengiewicz, Wojciech
_eAutor
245 1 0 _aTechnologia serów miękkich /
_cWojciech Derengiewicz.
260 _aWarszawa :
_b"Hoża",
_c1997.
300 _a326, [2] s., [4] s. tabl. kolor. :
_bfot., rys. wykr. ;
_c17 cm.
336 _aTekst
_btxt
_2rdacontent
337 _aBez urządzenia pośredniczącego
_bn
_2rdamedia
338 _aWolumin
_bnc
_2rdacarrier
380 _aKsiążki
380 _aPublikacje fachowe
388 _a1901-2000
388 _a1989-2000
490 1 _aBiblioteczka Majstra Mleczarskiego
504 _aBibliogr. s. 324-326.
650 7 _aSery podpuszczkowe
_2DBN
650 7 _aMleczarstwo
650 7 _aTechnologia żywności
658 _aRolnictwo i leśnictwo
830 0 _aBiblioteczka Majstra Mleczarskiego
856 _uhttp://koha.tu.koszalin.pl/cgi-bin/koha/opac-detail.pl?biblionumber=36563
_yKatalog online BPK
942 _2UKD
_cKS
999 _c36563
_d36563